000 00761nam a2200181 a 4500
001 000046347
005 20201002052815.0
008 150731s2014 dr 000 0 eng d
040 _aDO-SdBNP
_beng
_cBNPHU
082 _axxxxxxxx
_bxxxxxxxx
245 0 0 _aThe theaching of philosophy in Latin America and the Caribbean :
_bproceedings from the high-level regional meeting /
_ceditado por Gabriela Santoni, Julián Valdés ; traducción Allison J. Petrozziello ; prólogo Laura Faxas.
260 _aSanto Domingo :
_bMinisterio de cultura,
_c2014.
300 _a112 p. ;
_c22 cm.
700 1 _aSantoni, Gabriela,
_eed.
_974373
700 1 _aValdés, Julián,
_eed.
_974374
700 1 _aPetrozziello, Allison J.,
_etr.
_963193
700 1 _aFaxas, Laura,
_epról.
_913228
999 _c45836
_d45836